<?xml version="1.0" encoding="UTF-8"?>
<record
    xmlns:xsi="http://www.w3.org/2001/XMLSchema-instance"
    xsi:schemaLocation="http://www.loc.gov/MARC21/slim http://www.loc.gov/standards/marcxml/schema/MARC21slim.xsd"
    xmlns="http://www.loc.gov/MARC21/slim">

  <leader>03200cam a2200409Ii 4500</leader>
  <controlfield tag="001">om172400948</controlfield>
  <controlfield tag="003">EG-ScBUE</controlfield>
  <controlfield tag="005">20240305132219.0</controlfield>
  <controlfield tag="008">190211t2020    sz ab  f b    001 0 eng d</controlfield>
  <datafield tag="020" ind1=" " ind2=" ">
    <subfield code="a">9783030149468</subfield>
  </datafield>
  <datafield tag="040" ind1=" " ind2=" ">
    <subfield code="a">YDX</subfield>
    <subfield code="b">eng</subfield>
    <subfield code="e">rda</subfield>
    <subfield code="c">YDX</subfield>
    <subfield code="d">YDXIT</subfield>
    <subfield code="d">OCLCF</subfield>
    <subfield code="d">RCJ</subfield>
    <subfield code="d">EG-ScBUE</subfield>
  </datafield>
  <datafield tag="043" ind1=" " ind2=" ">
    <subfield code="a">n-us---</subfield>
  </datafield>
  <datafield tag="082" ind1="0" ind2="4">
    <subfield code="a">324.60973</subfield>
    <subfield code="2">22</subfield>
    <subfield code="b">FUT</subfield>
  </datafield>
  <datafield tag="245" ind1="0" ind2="4">
    <subfield code="a">The future of election administration /</subfield>
    <subfield code="c">editors, Mitchell Brown, Kathleen Hale and Bridgett A. King.</subfield>
  </datafield>
  <datafield tag="264" ind1=" " ind2="1">
    <subfield code="a">Cham, Switzerland :</subfield>
    <subfield code="b">Palgrave Macmillan,</subfield>
    <subfield code="c">[2020]</subfield>
  </datafield>
  <datafield tag="264" ind1=" " ind2="4">
    <subfield code="c">c2020</subfield>
  </datafield>
  <datafield tag="300" ind1=" " ind2=" ">
    <subfield code="a">xxii, 361 pages :</subfield>
    <subfield code="b">illustrations (some color), color maps ;</subfield>
    <subfield code="c">21 cm.</subfield>
  </datafield>
  <datafield tag="336" ind1=" " ind2=" ">
    <subfield code="a">text</subfield>
    <subfield code="b">txt</subfield>
    <subfield code="2">rdacontent</subfield>
  </datafield>
  <datafield tag="336" ind1=" " ind2=" ">
    <subfield code="a">still image</subfield>
    <subfield code="b">sti</subfield>
    <subfield code="2">rdacontent</subfield>
  </datafield>
  <datafield tag="337" ind1=" " ind2=" ">
    <subfield code="a">unmediated</subfield>
    <subfield code="b">n</subfield>
    <subfield code="2">rdamedia</subfield>
  </datafield>
  <datafield tag="338" ind1=" " ind2=" ">
    <subfield code="a">volume</subfield>
    <subfield code="b">nc</subfield>
    <subfield code="2">rdacarrier</subfield>
  </datafield>
  <datafield tag="490" ind1="0" ind2=" ">
    <subfield code="a">Elections, voting, technology</subfield>
  </datafield>
  <datafield tag="504" ind1=" " ind2=" ">
    <subfield code="a">Includes bibliographical references and index.</subfield>
  </datafield>
  <datafield tag="505" ind1="0" ind2="0">
    <subfield code="g">Introduction /</subfield>
    <subfield code="r">Bridgett A. King, Mitchell Brown and Kathleen Hale --</subfield>
    <subfield code="t">The federal response and new considerations for election administration /</subfield>
    <subfield code="r">Bridgett A. King --</subfield>
    <subfield code="t">Parties and politics : the evolution of election administration /</subfield>
    <subfield code="r">Doug Lewis --</subfield>
    <subfield code="t">Accessible and secure : improving voter confidence by protecting the right to vote /</subfield>
    <subfield code="r">Thomas Hicks --</subfield>
    <subfield code="t">Challenges in voter registration /</subfield>
    <subfield code="r">Thessalia Marivaki and Daniel A. Smith --</subfield>
    <subfield code="t">Polling place quality and access /</subfield>
    <subfield code="r">Robert Stein, Christopher Mann and Charles Stewart III --</subfield>
    <subfield code="t">The evolution of professionalism in the field of election administration /</subfield>
    <subfield code="r">Mitchell Brown and Kathleen Hale --</subfield>
    <subfield code="t">The election performance index : past, present, and future /</subfield>
    <subfield code="r">Charles Stewart III --</subfield>
    <subfield code="t">Building terminology in the field /</subfield>
    <subfield code="r">Katy Owens Hubler and Tammy Patrick --</subfield>
    <subfield code="t">Diversity and descriptive representation in election administration /</subfield>
    <subfield code="r">Bridgett A. King --</subfield>
    <subfield code="t">Election costs : a study of North Carolina /</subfield>
    <subfield code="r">Martha Knopf and JoEllen V. Pope --</subfield>
    <subfield code="t">The role of election vendors in election administration /</subfield>
    <subfield code="r">Peter Lichtenheld --</subfield>
    <subfield code="t">Election integrity in ensuring accuracy /</subfield>
    <subfield code="r">Christy McCormick --</subfield>
    <subfield code="t">Election security : increasing election integrity by improving cybersecurity /</subfield>
    <subfield code="r">Marian K. Schneider --</subfield>
    <subfield code="t">Election audits /</subfield>
    <subfield code="r">Jennifer Morrell --</subfield>
    <subfield code="t">Election cybersecurity /</subfield>
    <subfield code="r">Judd Choate and Robert Smith --</subfield>
    <subfield code="t">Special election costs : filling legislative and congressional vacancies /</subfield>
    <subfield code="r">Dean C. Logan --</subfield>
    <subfield code="t">Increasing confidence in international elections /</subfield>
    <subfield code="r">Kelly Ann Krawczyk and Avery Davis-Roberts --</subfield>
    <subfield code="g">Conclusion /</subfield>
    <subfield code="r">Kathleen Hale, Mitchell Brown and Bridgett A. King --</subfield>
    <subfield code="g">Appendix:</subfield>
    <subfield code="t">The future of election administration : cases and conversations.</subfield>
  </datafield>
  <datafield tag="650" ind1=" " ind2="7">
    <subfield code="a">Elections</subfield>
    <subfield code="z">United States</subfield>
    <subfield code="x">Management.</subfield>
    <subfield code="2">BUEsh</subfield>
  </datafield>
  <datafield tag="650" ind1=" " ind2="7">
    <subfield code="a">Voting</subfield>
    <subfield code="z">United States.</subfield>
    <subfield code="2">BUEsh</subfield>
  </datafield>
  <datafield tag="650" ind1=" " ind2="7">
    <subfield code="a">Election officials</subfield>
    <subfield code="z">United States.</subfield>
    <subfield code="2">BUEsh</subfield>
  </datafield>
  <datafield tag="650" ind1=" " ind2="7">
    <subfield code="a">Voter registration</subfield>
    <subfield code="z">United States.</subfield>
    <subfield code="2">BUEsh</subfield>
  </datafield>
  <datafield tag="653" ind1=" " ind2=" ">
    <subfield code="c">March2024</subfield>
    <subfield code="b">BUSBOL</subfield>
  </datafield>
  <datafield tag="655" ind1=" " ind2=" ">
    <subfield code="v">Reading book</subfield>
  </datafield>
  <datafield tag="700" ind1="1" ind2=" ">
    <subfield code="a">Brown, Mitchell,</subfield>
    <subfield code="e">editor.</subfield>
  </datafield>
  <datafield tag="700" ind1="1" ind2=" ">
    <subfield code="a">Hale, Kathleen,</subfield>
    <subfield code="e">editor.</subfield>
  </datafield>
  <datafield tag="700" ind1="1" ind2=" ">
    <subfield code="a">King, Bridgett A.,</subfield>
    <subfield code="e">editor.</subfield>
  </datafield>
  <datafield tag="776" ind1="0" ind2="8">
    <subfield code="i">Electronic version:</subfield>
    <subfield code="t">Future of election administration.</subfield>
    <subfield code="d">Cham, Switzerland : Palgrave Macmillan, [2020]</subfield>
    <subfield code="z">9783030149475</subfield>
    <subfield code="w">(OCoLC)1105928122</subfield>
  </datafield>
  <datafield tag="942" ind1=" " ind2=" ">
    <subfield code="2">ddc</subfield>
    <subfield code="c">BB</subfield>
  </datafield>
  <datafield tag="999" ind1=" " ind2=" ">
    <subfield code="c">30692</subfield>
    <subfield code="d">30663</subfield>
  </datafield>
  <datafield tag="952" ind1=" " ind2=" ">
    <subfield code="0">0</subfield>
    <subfield code="1">0</subfield>
    <subfield code="2">ddc</subfield>
    <subfield code="4">0</subfield>
    <subfield code="7">0</subfield>
    <subfield code="8">Alahram</subfield>
    <subfield code="a">MAIN</subfield>
    <subfield code="b">MAIN</subfield>
    <subfield code="c">1ST</subfield>
    <subfield code="d">2024-03-05</subfield>
    <subfield code="e">Purchase</subfield>
    <subfield code="g">425.00</subfield>
    <subfield code="h">183</subfield>
    <subfield code="l">0</subfield>
    <subfield code="o">324.60973 FUT</subfield>
    <subfield code="p">000057039</subfield>
    <subfield code="r">2025-07-15 00:00:00</subfield>
    <subfield code="v">532.00</subfield>
    <subfield code="w">2024-03-05</subfield>
    <subfield code="y">BB</subfield>
  </datafield>
</record>
